Gaming Quiz

Random Gaming or Nintendo Quiz
Score 0/25 Timer 01:30
5 Plays Today
% Correct
Green Shell
90.3%
Mushroom
90.3%
Red Shell
90.2%
Star
89.9%
Banana
89.2%
Lightning
88.2%
Fake Item Box
85.8%
Bullet Bill
83.7%
Bob-omb
83.5%
Golden Mushroom
82.9%
Coins
81.9%
Fire Flower
78.2%
Spiny Shell
76%
% Correct
Chain Chomp
73.3%
Piranha Plant
72.8%
Red Fireballs
71.6%
Bowser Shell
68.2%
Yoshi Egg
67.6%
Blooper
64.5%
Boomerang Flower
63.7%
Super Leaf
61.5%
Green Fireballs
50.6%
Birdo Egg
47.6%
Heart
44.3%
Black Shell
24%
Remove Ads.
Support Sporcle.
Get the best of Sporcle when you Go Orange. This ad-free experience offers more features, more stats, and more fun while also helping to support Sporcle. Thank you for becoming a member.

You're not logged in!

Compare scores with friends on all Sporcle quizzes.
OR
Log In

Sporcle TV

Today on Sporcle TV


Watch our educational content, quiz creation guides, and fun videos on Sporcle TV.

Show Comments

Extras

Top Quizzes Today


Score Distribution

Paid Content

Your Account Isn't Verified!

In order to create a playlist on Sporcle, you need to verify the email address you used during registration. Go to your Sporcle Settings to finish the process.

Report this User

Report this user for behavior that violates our Community Guidelines.

Details: